[Event "Muensterland Verbandsliga Gr2 2223"]
[Site "Germany"]
[Date "2023.01.21"]
[Round "4.2"]
[White "Eissing, Christoph"]
[Black "Harbers, Gerard"]
[Result "1/2-1/2"]
[WhiteElo "2040"]
[BlackElo "1848"]
[PlyCount "21"]
[EventDate "2022.09.10"]
[EventType "team-tourn"]
[EventRounds "5"]
[EventCountry "GER"]
[SourceTitle "EXT 2024"]
[Source "ChessBase"]
[SourceDate "2023.10.10"]
[SourceVersion "1"]
[SourceVersionDate "2023.10.10"]
[SourceQuality "1"]
[WhiteTeam "Gescher"]
[BlackTeam "Suedlohn II"]
[WhiteTeamCountry "GER"]
[BlackTeamCountry "GER"]

1. e4 e5 2. d4 exd4 3. Qxd4 Nc6 4. Qe3 d6 5. Nc3 Nf6 6. b3 Be7 7. f3 d5 8. exd5 Nxd5 9. Nxd5 Qxd5 10. Bb2 0-0 11. Bc4 1/2-1/2

[Event "Muensterland Verbandsliga 1920"]
[Site "Germany"]
[Date "2019.09.07"]
[Round "1.2"]
[White "Eissing, Christoph"]
[Black "Da Costa Campos, Andre"]
[Result "1/2-1/2"]
[WhiteElo "2026"]
[BlackElo "1895"]
[PlyCount "67"]
[EventDate "2019.09.07"]
[EventType "team-tourn"]
[EventRounds "7"]
[EventCountry "GER"]
[SourceTitle "EXT 2023"]
[Source "ChessBase"]
[SourceDate "2022.10.05"]
[SourceVersion "1"]
[SourceVersionDate "2022.10.05"]
[SourceQuality "1"]
[WhiteTeam "Gescher"]
[BlackTeam "Nienberge II"]
[WhiteTeamCountry "GER"]
[BlackTeamCountry "GER"]

1. e4 e5 2. d4 exd4 3. Qxd4 Nc6 4. Qe3 Bb4+ 5. Nc3 d6 6. Bd2 Nf6 7. 0-0-0 Be6 8. a3 Bc5 9. Qe1 Ng4 10. Nh3 Qd7 11. f4 f6 12. Qg3 h5 13. f5 Bg8 14. Be2 Nce5 15. Bxg4 Nxg4 16. Qd3 0-0-0 17. Bf4 Bf7 18. Rhe1 Rhe8 19. Bg3 Re7 20. Nf4 c6 21. h3 Ne5 22. Qe2 Qe8 23. Nd3 Bc4 24. Bxe5 Bxd3 25. Rxd3 Rxe5 26. g4 hxg4 27. Qxg4 Qf7 28. Na4 Bb6 29. Nxb6+ axb6 30. Kb1 d5 31. Red1 Rxe4 32. Qxe4 dxe4 33. Rxd8+ Kc7 34. R8d4 1/2-1/2

[Event "Muensterland Verbandsklasse 1718"]
[Site "Germany"]
[Date "2018.01.27"]
[Round "5.1"]
[White "Lehmann, Mona"]
[Black "Eissing, Christoph"]
[Result "0-1"]
[WhiteElo "1909"]
[BlackElo "1991"]
[PlyCount "76"]
[EventDate "2017.09.16"]
[EventType "team-tourn"]
[EventRounds "9"]
[EventCountry "GER"]
[SourceTitle "EXT 2019"]
[Source "ChessBase"]
[SourceDate "2018.10.10"]
[SourceVersion "1"]
[SourceVersionDate "2018.10.10"]
[SourceQuality "1"]
[WhiteTeam "Emsdetten Rochade III"]
[BlackTeam "Gescher"]
[WhiteTeamCountry "GER"]
[BlackTeamCountry "GER"]

1. e4 c6 2. d4 d5 3. e5 Bf5 4. Nc3 e6 5. g4 Bg6 6. h4 h5 7. g5 Bf5 8. Nge2 Ne7 9. Ng3 Qb6 10. Na4 Qa5+ 11. c3 Bg4 12. Be2 Bxe2 13. Nxe2 Nd7 14. b4 Qc7 15. Nf4 g6 16. Qe2 b6 17. Rh3 Nf5 18. Rb1 Be7 19. Be3 Rb8 20. Nd3 0-0 21. Nf4 c5 22. a3 cxd4 23. Bxd4 Qc4 24. Qxc4 dxc4 25. Ne2 b5 26. Nb2 Nxd4 27. cxd4 Nb6 28. Nc3 a6 29. Rd1 Rfd8 30. Ne4 Nd5 31. Nc5 Bxc5 32. bxc5 Nf4 33. Rg3 Rd5 34. a4 Kf8 35. axb5 axb5 36. Ra3 b4 37. Ra7 c3 38. c6 cxb2 0-1

[Event "Muensterland Verbandsklasse 1718"]
[Site "Germany"]
[Date "2017.09.16"]
[Round "1.1"]
[White "Sparwel, Oliver"]
[Black "Eissing, Christoph"]
[Result "1/2-1/2"]
[WhiteElo "1884"]
[BlackElo "1991"]
[PlyCount "60"]
[EventDate "2017.09.16"]
[EventType "team-tourn"]
[EventRounds "9"]
[EventCountry "GER"]
[SourceTitle "EXT 2019"]
[Source "ChessBase"]
[SourceDate "2018.10.10"]
[SourceVersion "1"]
[SourceVersionDate "2018.10.10"]
[SourceQuality "1"]
[WhiteTeam "Suedlohn II"]
[BlackTeam "Gescher"]
[WhiteTeamCountry "GER"]
[BlackTeamCountry "GER"]

1. Nf3 Nf6 2. d4 g6 3. g3 Bg7 4. Bg2 0-0 5. 0-0 d6 6. c4 c6 7. Nc3 Nbd7 8. e4 e5 9. h3 Re8 10. dxe5 dxe5 11. Be3 Qe7 12. Qc2 Nb6 13. b3 Nfd7 14. a4 a5 15. Rfd1 Nc5 16. Ne1 Nbd7 17. Nd3 Nxd3 18. Rxd3 Nc5 19. Rd2 Be6 20. Rad1 Bf8 21. Ne2 Qc7 22. Nc1 Rad8 23. Nd3 Nxd3 24. Rxd3 Rxd3 25. Rxd3 Rd8 26. Qd1 Rxd3 27. Qxd3 Qd6 28. Qxd6 Bxd6 29. Bb6 Bb4 30. Kf1 f5 1/2-1/2

[Event "Muensterland Verbandsklasse 1516"]
[Site "Germany"]
[Date "2016.01.23"]
[Round "5.1"]
[White "Eissing, Christoph"]
[Black "Kluczka, Konrad"]
[Result "1-0"]
[WhiteElo "2011"]
[BlackElo "1807"]
[PlyCount "53"]
[EventDate "2015.09.19"]
[EventType "team"]
[EventRounds "9"]
[EventCountry "GER"]
[SourceTitle "EXT 2017"]
[Source "ChessBase"]
[SourceDate "2016.10.25"]
[SourceVersion "1"]
[SourceVersionDate "2016.10.25"]
[SourceQuality "1"]
[WhiteTeam "Gescher"]
[BlackTeam "Nienberge II"]
[WhiteTeamCountry "GER"]
[BlackTeamCountry "GER"]

1. e4 e5 2. Nf3 Nc6 3. d4 exd4 4. Nxd4 Bc5 5. Be3 Qf6 6. c3 Nge7 7. Bc4 Nxd4 8. cxd4 Bb4+ 9. Nc3 Bxc3+ 10. bxc3 0-0 11. 0-0 d6 12. f4 Re8 13. Qe2 d5 14. e5 Qg6 15. Bd3 Bf5 16. Bxf5 Nxf5 17. Bd2 h5 18. Rf3 c6 19. Re1 b5 20. Rh3 Qg4 21. Rxh5 Qxe2 22. Rxe2 g6 23. Rh3 Nd6 24. g4 Ne4 25. f5 Kf8 26. Rxe4 dxe4 27. f6 1-0

[Event "Muensterland Verbandsklasse 1516"]
[Site "Germany"]
[Date "2015.12.19"]
[Round "4.1"]
[White "Jacob, Helmut"]
[Black "Eissing, Christoph"]
[Result "1-0"]
[WhiteElo "1961"]
[BlackElo "2011"]
[PlyCount "151"]
[EventDate "2015.09.19"]
[EventType "team"]
[EventRounds "9"]
[EventCountry "GER"]
[SourceTitle "EXT 2017"]
[Source "ChessBase"]
[SourceDate "2016.10.25"]
[SourceVersion "1"]
[SourceVersionDate "2016.10.25"]
[SourceQuality "1"]
[WhiteTeam "Ochtrup"]
[BlackTeam "Gescher"]
[WhiteTeamCountry "GER"]
[BlackTeamCountry "GER"]

1. d4 Nf6 2. Nf3 g6 3. Bg5 Bg7 4. e3 d6 5. Be2 0-0 6. c4 Nbd7 7. Nc3 c6 8. Qc2 Qc7 9. h3 e5 10. Rd1 Re8 11. dxe5 dxe5 12. 0-0 a5 13. Na4 Nb6 14. Nd2 Bf5 15. Qb3 Nxa4 16. Qxa4 Nd7 17. Qa3 Bf8 18. Qc3 Nc5 19. g4 Be6 20. b3 Bg7 21. a3 f5 22. e4 fxg4 23. hxg4 Bf7 24. Qh3 Ne6 25. Nf3 Nd4 26. Nxd4 exd4 27. Bd3 Be6 28. f4 Qf7 29. f5 gxf5 30. gxf5 Bd7 31. Rf2 Be5 32. Rg2 Kh8 33. Kh1 Rg8 34. Rdg1 c5 35. a4 Rg7 36. Be2 Rag8 37. Bh5 Qf8 38. Rg4 Bf6 39. Bg6 Bxg5 40. Rxg5 Qe7 41. Qh4 Rf8 42. Bh5 Rxg5 43. Rxg5 Rf6 44. Bf3 Rf7 45. Qf4 Bc6 46. Qg3 Qe8 47. Kg1 Qf8 48. Qe5+ Rg7 49. Kf2 Kg8 50. Qe6+ Qf7 51. Rxg7+ Kxg7 52. Qxf7+ Kxf7 53. Kg3 Ke7 54. Kf4 h6 55. Bg4 Be8 56. e5 b6 57. Bf3 Bd7 58. Be4 Be8 59. Bf3 Bf7 60. Be2 h5 61. Bf3 Be8 62. Be4 Kf7 63. Kg5 Ke7 64. Bf3 d3 65. Kf4 d2 66. Ke3 h4 67. Kxd2 h3 68. Ke3 h2 69. Kf4 Bh5 70. f6+ Kf8 71. Bc6 Kf7 72. Bd5+ Ke8 73. e6 Kd8 74. Kg3 Bd1 75. e7+ Kd7 76. Bc6+ 1-0

[Event "Muensterland Verbandsklasse 1415"]
[Site "Germany"]
[Date "2015.03.21"]
[Round "8.1"]
[White "Teloeken, Daniel"]
[Black "Eissing, Christoph"]
[Result "1/2-1/2"]
[WhiteElo "1877"]
[BlackElo "2032"]
[PlyCount "78"]
[EventDate "2014.09.13"]
[EventType "team-tourn"]
[EventRounds "9"]
[EventCountry "GER"]
[SourceTitle "EXT 2016"]
[Source "ChessBase"]
[SourceDate "2015.10.08"]
[SourceVersion "1"]
[SourceVersionDate "2015.10.08"]
[SourceQuality "1"]
[WhiteTeam "Suedlohn II"]
[BlackTeam "Gescher"]
[WhiteTeamCountry "GER"]
[BlackTeamCountry "GER"]

1. Nf3 Nf6 2. c4 d6 3. d4 g6 4. Nc3 Bg7 5. Bg5 0-0 6. e3 Nbd7 7. Be2 e5 8. Qc2 h6 9. Bh4 a6 10. Rd1 Re8 11. 0-0 g5 12. Bg3 e4 13. Nd2 Qe7 14. b4 Nf8 15. Nb3 Ng6 16. Rfe1 h5 17. f3 exf3 18. Bxf3 g4 19. Nd5 Nxd5 20. Bxd5 Qg5 21. Qf2 Qe7 22. c5 dxc5 23. bxc5 c6 24. Bc4 Be6 25. Bd3 Bxb3 26. axb3 Bh6 27. e4 Qg5 28. Bc4 Nf4 29. d5 cxd5 30. Bxd5 Nxd5 31. Rxd5 Qg6 32. Rd7 Rad8 33. Rxd8 Rxd8 34. Bd6 Re8 35. Qe2 Qg5 36. Qc4 Re6 37. e5 Qd2 38. Qe4 Qc3 39. Kh1 g3 1/2-1/2

[Event "Muensterland Verbandsklasse 1314"]
[Site "Germany"]
[Date "2014.04.12"]
[Round "8.1"]
[White "Eissing, Christoph"]
[Black "Richter, Juergen"]
[Result "1-0"]
[WhiteElo "2006"]
[BlackElo "1982"]
[PlyCount "95"]
[EventDate "2013.09.21"]
[EventType "team-tourn"]
[EventRounds "9"]
[EventCountry "GER"]
[SourceTitle "EXT 2015"]
[Source "ChessBase"]
[SourceDate "2014.11.20"]
[SourceVersion "1"]
[SourceVersionDate "2014.11.20"]
[SourceQuality "1"]
[WhiteTeam "Gescher"]
[BlackTeam "Ibbenbueren"]
[WhiteTeamCountry "GER"]
[BlackTeamCountry "GER"]

1. e4 c5 2. Nf3 e6 3. d4 cxd4 4. Nxd4 a6 5. Be2 Nf6 6. Nd2 Qc7 7. 0-0 Nc6 8. Nxc6 bxc6 9. f4 d5 10. e5 Nd7 11. Nf3 c5 12. c4 Nb6 13. cxd5 Nxd5 14. f5 Be7 15. Qa4+ Kf8 16. f6 Bxf6 17. exf6 gxf6 18. Nh4 Bd7 19. Qe4 Rb8 20. Bf4 Nxf4 21. Qxf4 Qxf4 22. Rxf4 Ke7 23. b3 a5 24. Rc1 Rhc8 25. Kf2 Rb4 26. Rfc4 Rxc4 27. Rxc4 Kd6 28. Nf3 Ra8 29. Rh4 a4 30. Bc4 axb3 31. Bxb3 Bc6 32. Rxh7 Ra7 33. Nd2 Bd5 34. Nc4+ Ke7 35. h4 Rb7 36. Rh8 Rb4 37. Ne3 c4 38. Bc2 f5 39. Nxd5+ exd5 40. Bxf5 d4 41. Rc8 Kf6 42. g4 Ke5 43. Re8+ Kf6 44. Rd8 Ke5 45. h5 c3 46. h6 Kf4 47. h7 Rb2+ 48. Ke1 1-0

[Event "Muensterland Verbandsklasse 1314"]
[Site "Germany"]
[Date "2013.09.21"]
[Round "1.1"]
[White "Eissing, Christoph"]
[Black "Schroer, Klaus"]
[Result "0-1"]
[WhiteElo "2006"]
[BlackElo "1992"]
[PlyCount "72"]
[EventDate "2013.09.21"]
[EventType "team-tourn"]
[EventRounds "9"]
[EventCountry "GER"]
[SourceTitle "EXT 2015"]
[Source "ChessBase"]
[SourceDate "2014.11.20"]
[SourceVersion "1"]
[SourceVersionDate "2014.11.20"]
[SourceQuality "1"]
[WhiteTeam "Gescher"]
[BlackTeam "Borken"]
[WhiteTeamCountry "GER"]
[BlackTeamCountry "GER"]

1. e4 e5 2. d4 exd4 3. Nf3 Nc6 4. Nxd4 Nf6 5. Nxc6 bxc6 6. e5 Nd5 7. c4 Nb6 8. g3 Bb4+ 9. Bd2 Qe7 10. Qe2 0-0 11. a3 Bxd2+ 12. Nxd2 Re8 13. f4 f6 14. Bg2 fxe5 15. f5 d5 16. 0-0 Bb7 17. Qg4 Nd7 18. Nf3 Nf6 19. Qh4 Ne4 20. Kh1 Qxh4 21. Nxh4 Nd2 22. Rf2 Nxc4 23. Re1 Rad8 24. Nf3 e4 25. Nd4 Rd6 26. g4 Ne5 27. Bf1 Nxg4 28. Rg2 Nh6 29. Be2 Rf6 30. Rf1 Re7 31. h3 Bc8 32. Bg4 c5 33. Nb3 Nxf5 34. Bxf5 Rxf5 35. Rxf5 Bxf5 36. Nxc5 e3 0-1

[Event "Muensterland Verbandsklasse-B 1213"]
[Site "Germany"]
[Date "2012.09.15"]
[Round "1.1"]
[White "Sicking, Norbert"]
[Black "Eissing, Christoph"]
[Result "1/2-1/2"]
[WhiteElo "1771"]
[BlackElo "2009"]
[PlyCount "57"]
[EventDate "2012.09.15"]
[EventType "team-tourn"]
[EventRounds "9"]
[EventCountry "GER"]
[SourceTitle "EXT 2015"]
[Source "ChessBase"]
[SourceDate "2014.11.20"]
[SourceVersion "1"]
[SourceVersionDate "2014.11.20"]
[SourceQuality "1"]
[WhiteTeam "Heiden II"]
[BlackTeam "Gescher"]
[WhiteTeamCountry "GER"]
[BlackTeamCountry "GER"]

1. d4 Nf6 2. g3 g6 3. Bg2 Bg7 4. Nf3 0-0 5. 0-0 d6 6. Nbd2 Nbd7 7. e4 e5 8. dxe5 dxe5 9. Re1 Re8 10. Nc4 b5 11. Na3 c6 12. Bg5 Qc7 13. Qc1 a5 14. b3 Nc5 15. Nd2 Nfd7 16. Be3 Qd6 17. Rd1 Qe7 18. Nab1 f5 19. f3 fxe4 20. Nxe4 Nxe4 21. fxe4 Nf6 22. h3 Be6 23. Nc3 Red8 24. Qb2 Rxd1+ 25. Rxd1 Rd8 26. Qc1 Rxd1+ 27. Nxd1 a4 28. Qd2 axb3 29. axb3 1/2-1/2

[Event "Muensterland Verbandsklasse-A 0405"]
[Site "Muensterland"]
[Date "2005.01.22"]
[Round "5.1"]
[White "Eissing, Christoph"]
[Black "Sathe, Madan"]
[Result "0-1"]
[WhiteElo "1973"]
[BlackElo "1898"]
[PlyCount "72"]
[EventDate "2004.09.11"]
[EventType "team"]
[EventRounds "9"]
[EventCountry "GER"]
[SourceTitle "EXT 2006"]
[Source "ChessBase"]
[SourceDate "2005.11.24"]
[SourceVersion "1"]
[SourceVersionDate "2005.11.24"]
[SourceQuality "1"]
[WhiteTeam "Gesch II"]
[BlackTeam "Heiden II"]
[WhiteTeamCountry "GER"]
[BlackTeamCountry "GER"]

1. e4 c5 2. Nf3 d6 3. d4 cxd4 4. Nxd4 Nf6 5. Nc3 a6 6. f4 Qc7 7. a4 b6 8. Bd3 e5 9. Nf3 Bb7 10. 0-0 Nbd7 11. Qe1 Be7 12. Nh4 g6 13. Bd2 h6 14. Nf3 exf4 15. Bxf4 Ne5 16. Bxe5 dxe5 17. Qg3 Bd6 18. Nd2 Nh5 19. Qg4 Nf4 20. Kh1 f5 21. Qg3 Qg7 22. Nc4 Bc7 23. Qf2 0-0 24. Nxb6 Nxd3 25. cxd3 fxe4 26. Qe3 Bxb6 27. Qxb6 exd3 28. Qe6+ Kh7 29. Nd5 Bxd5 30. Qxd5 Rad8 31. Qc4 Rxf1+ 32. Rxf1 d2 33. Rd1 Qb7 34. b4 Rd4 35. Qc2 Qd7 36. h3 e4 0-1

[Event "Muensterland Verbandsklasse-A 0304"]
[Site "Germany"]
[Date "2004.03.27"]
[Round "8.1"]
[White "Eissing, Christoph"]
[Black "Richter, Juergen"]
[Result "1/2-1/2"]
[WhiteElo "1956"]
[BlackElo "2018"]
[PlyCount "45"]
[EventDate "2003.09.20"]
[EventType "team"]
[EventRounds "9"]
[EventCountry "GER"]
[SourceTitle "EXT 2005"]
[Source "ChessBase"]
[SourceDate "2004.11.15"]
[SourceVersion "1"]
[SourceVersionDate "2004.11.15"]
[SourceQuality "1"]
[WhiteTeam "Gesch II"]
[BlackTeam "Ibbenbueren"]
[WhiteTeamCountry "GER"]
[BlackTeamCountry "GER"]

1. e4 c5 2. Nf3 Nf6 3. Nc3 d6 4. d4 cxd4 5. Nxd4 g6 6. Bc4 Bg7 7. f3 Nc6 8. Be3 0-0 9. Qd2 a5 10. h4 Ne5 11. Be2 h5 12. 0-0-0 Bd7 13. g4 Rc8 14. Bh6 Bxh6 15. Qxh6 Rxc3 16. bxc3 Qc7 17. Qe3 Nc4 18. Bxc4 Qxc4 19. gxh5 Nxh5 20. Rhg1 Kh7 21. Nf5 Bxf5 22. exf5 Qxh4 23. Qg5 1/2-1/2

[Event "Muensterland Verbandsklasse-A 0304"]
[Site "Germany"]
[Date "2003.10.04"]
[Round "2.3"]
[White "Boerger, Andreas"]
[Black "Eissing, Christoph"]
[Result "0-1"]
[WhiteElo "1822"]
[BlackElo "1956"]
[PlyCount "54"]
[EventDate "2003.09.20"]
[EventType "team"]
[EventRounds "9"]
[EventCountry "GER"]
[SourceTitle "EXT 2005"]
[Source "ChessBase"]
[SourceDate "2004.11.15"]
[SourceVersion "1"]
[SourceVersionDate "2004.11.15"]
[SourceQuality "1"]
[WhiteTeam "Muenster V"]
[BlackTeam "Gesch II"]
[WhiteTeamCountry "GER"]
[BlackTeamCountry "GER"]

1. c4 Nf6 2. Nc3 g6 3. g3 Bg7 4. Bg2 0-0 5. d3 d6 6. Nf3 e5 7. 0-0 c6 8. e4 Nbd7 9. Rb1 a5 10. a3 Nc5 11. b4 axb4 12. axb4 Ne6 13. Bd2 Nh5 14. Be3 f5 15. exf5 gxf5 16. Nh4 Nhf4 17. Bxf4 Nxf4 18. Nxf5 Bxf5 19. gxf4 exf4 20. Ne4 Qh4 21. Bf3 Bxe4 22. dxe4 Rf6 23. Re1 Qh3 24. Bg4 Rg6 25. f3 Ra2 26. Re2 Qxf3 27. h3 Rxe2 0-1

[Event "Oberliga NRW 0102 I"]
[Site "Germany"]
[Date "2001.12.09"]
[Round "4.8"]
[White "Bressel, Teoman"]
[Black "Eissing, Christoph"]
[Result "1/2-1/2"]
[WhiteElo "1886"]
[BlackElo "1959"]
[PlyCount "100"]
[EventDate "2001.10.??"]
[EventType "team"]
[EventRounds "9"]
[EventCountry "GER"]
[SourceTitle "EXT 2004"]
[Source "ChessBase"]
[SourceDate "2003.11.25"]
[SourceVersion "1"]
[SourceVersionDate "2003.11.25"]
[SourceQuality "1"]
[WhiteTeam "Aachen"]
[BlackTeam "Gesch"]
[WhiteTeamCountry "GER"]
[BlackTeamCountry "GER"]

1. d4 Nf6 2. c4 g6 3. Nc3 Bg7 4. e4 d6 5. f3 0-0 6. Be3 a6 7. Qd2 Nc6 8. Bd3 e5 9. d5 Ne7 10. Nge2 Ne8 11. 0-0 f5 12. exf5 gxf5 13. f4 Ng6 14. fxe5 dxe5 15. Bg5 Bf6 16. Bh6 Bg7 17. Bg5 Bf6 18. Bxf6 Qxf6 19. Rad1 f4 20. Ne4 Qg7 21. N2c3 Nh4 22. Kh1 Nf5 23. Rf2 Qh6 24. g3 Ne3 25. Rg1 f3 26. Nd1 Ng4 27. Qxh6 Nxh6 28. Ng5 Ng4 29. Rxf3 h6 30. Rxf8+ Kxf8 31. Rf1+ Ngf6 32. Nh7+ Kg7 33. Nxf6 Nxf6 34. Nc3 Bh3 35. Re1 Ng4 36. Ne4 Rf8 37. Kg1 Rf3 38. Nc5 Rf2 39. Ne6+ Kf6 40. Bf1 Rxf1+ 41. Rxf1+ Bxf1 42. Kxf1 Ne3+ 43. Ke2 Nxc4 44. b3 Nb6 45. Nxc7 Ke7 46. Ke3 Kd7 47. d6 Kxd6 48. Ne8+ Ke7 49. Ng7 Kf6 50. Ne8+ Ke7 1/2-1/2